Punk/New Wave Quiz - Statistics

General Stats
  • This quiz has been taken 27 times
  • The average score is 11 of 30
Answer Stats
Hint Answer % Correct
Too Drunk To Fuck Dead Kennedys
79%
Killing An Arab The Cure
75%
Bodies Sex Pistols
71%
I Don't Wanna Go Down To The Basement Ramones
63%
My War Black Flag
58%
Happy House Siouxsie And The Banshees
54%
Death Or Glory The Clash
54%
Smash It Up The Damned
50%
Down In The Park Tubeway Army
46%
Planet Claire B-52's
42%
Release The Bats The Birthday Party
42%
Germ Free Adolescents X Ray Spex
42%
Isolation Joy Division
38%
Totally Wired The Fall
38%
Uncontrollable Urge Devo
33%
Death Disco Public Image Limited
33%
Warm Leatherette The Normal
33%
Kerosene Big Black
29%
Complex Gary Numan
29%
Everything Goes Green New Order
29%
Follow The Leaders Killing Joke
25%
Chinese Rocks Johnny Thunders And The Heartbreakers
17%
I Can't Escape Myself The Sound
17%
I Hate Children Adolescents
13%
Just Another Dream The Professionals
13%
This Perfect Day The Saints
13%
Down In The Sewer The Stranglers
13%
D-Days Hazel O Connor
8%
Shoplifting The Slits
8%
Megaton Suburban Reptiles
0%
No matching quizzes found
Score Distribution
Percent of People with Each Score
Percentile by Number Answered
Your Score History
You have not taken this quiz